Central Library OPAC University of Rajshahi

End social inequality : (Record no. 35091)

MARC details
000 -LEADER
fixed length control field 00907nam a22002891 4500
001 - CONTROL NUMBER
control field 35091
003 - CONTROL NUMBER IDENTIFIER
rucl marc code BD-RjUL
005 - DATE AND TIME OF LATEST TRANSACTION
control field 20211209052246.0
008 - FIXED-LENGTH DATA ELEMENTS--GENERAL INFORMATION
fixed length control field 140520s1941 enk 000 0 eng
035 ## - SYSTEM CONTROL NUMBER
System control number (BD-RjUL)35185
System control number (OCoLC)2350376
040 ## - CATALOGING SOURCE
Original cataloging agency DLC
Transcribing agency OKentU
Modifying agency OCoLC
-- DLC
-- BD-RjUL
Language of cataloging eng
041 ## - LANGUAGE CODE
Language code of text/sound track or separate title eng
082 ## - DEWEY DECIMAL CLASSIFICATION NUMBER
Classification number 323.30942
Author mark and year WOE 1941
100 1# - MAIN ENTRY--PERSONAL NAME
Personal name Wootton, Barbara,
Dates associated with a name 1897-
9 (RLIN) 9050
245 10 - TITLE STATEMENT
Title End social inequality :
Remainder of title a programme for ordinary people /
Statement of responsibility, etc. Barbara Wootton
260 ## - PUBLICATION, DISTRIBUTION, ETC. (IMPRINT)
Place of publication, distribution, etc. London :
Name of publisher, distributor, etc. K. Paul, Trench, Trubner & co.,
Date of publication, distribution, etc. 1941
300 ## - PHYSICAL DESCRIPTION
Pagination viii, 9-63 p. ;
Size 19 cm.
490 0# - SERIES STATEMENT
Series statement The Democratic order, ed. by Francis Williams.
Volume/sequential designation no. 16
500 ## - GENERAL NOTE
General note At head of title: ... Barbara Wootton.
General note "First published 1941."
650 #0 - SUBJECT ADDED ENTRY--TOPICAL TERM
Topical term or geographic name as entry element Social classes.
9 (RLIN) 106841
Topical term or geographic name as entry element Democracy.
9 (RLIN) 106842
942 ## - ADDED ENTRY ELEMENTS (KOHA)
Source of classification or shelving scheme Dewey Decimal Classification
Koha item type Books
Holdings
Lost status Source of classification or shelving scheme Damaged status Not for loan Collection code Permanent Location Current Location Shelving location Date acquired Source of acquisition Cost, normal purchase price Total Checkouts Full call number Date last seen Copy number Koha item type
  Dewey Decimal Classification   Not For Loan Non-fiction Central Library, University of Rajshahi Central Library, University of Rajshahi Reading Room 09/11/1961 A.I. Qurieshi 10.00   323.30942 WOE 1941 20/05/2014 C-1 Books